000 00578nam a2200193 i 4500
001 16903
003 ES-MaACL
005 20250826082715.0
007 t|
008 001121q19801989sp ||||1| spa d
080 _a331.105.44(460)
245 0 0 _aProceso político a la C.N.T.
260 _a[Madrid] :
_bC.N.T.-A.I.T.,
_c[198-?]
300 _a27 p. :
_bil. ;
_c21 cm.
610 2 4 _aConfederación Nacional del Trabajo (España)
_93165
710 2 _aConfederación Nacional del Trabajo (España)
_93165
852 _aES-MaACL
_j2158-F-27
_bR.126925
999 _c16903
_d16903